| 000 | 00951cam a2200301 i 4500 | ||
|---|---|---|---|
| 999 |
_c200439939 _d58151 |
||
| 001 | 200439939 | ||
| 003 | TR-AnTOB | ||
| 005 | 20230831142111.0 | ||
| 007 | ta | ||
| 008 | 210311s1977 tu a 000 0 tur d | ||
| 040 |
_aTR-AnTOB _beng _erda _cTR-AnTOB |
||
| 041 | 0 | _atur | |
| 050 | 1 | 4 |
_aGE190.T9 _bM37 1977 |
| 090 |
_aTOBBK GE190.T9 _bM37 1977 |
||
| 111 | 2 |
_aMarmara Bölgesinde Çevre Kirlenmesi Semineri _9138795 _d(1977 : _cİstanbul, Türkiye) |
|
| 245 | 0 | 0 |
_aMarmara Bölgesinde Çevre Kirlenmesi Semineri : _bİstanbul 27-30 Eylül 1977. |
| 264 | 1 |
_aİstanbul : _bİstanbul Ticaret Odası, _c1977. |
|
| 300 |
_a488 pages ; _c25 cm |
||
| 336 |
_atext _btxt _2rdacontent |
||
| 337 |
_aunmediated _bn _2rdamedia |
||
| 338 |
_avolume _bnc _2rdacarrier |
||
| 490 | 0 |
_aSeminerler dizisi ; _vNo. 1 |
|
| 504 | _aBIB | ||
| 650 | 0 |
_aKirlenme _zTürkiye _982237 |
|
| 942 |
_2z _cBK |
||